Power,knowledge,Medicine : (Record no. 63478)

MARC details
000 -LEADER
fixed length control field 02022nam a22002777a 4500
005 - DATE AND TIME OF LATEST TRANSACTION
control field 20120227113325.0
010 ## - LCCN (DPL NO)
LC control number B-446540-546
020 ## - INTERNATIONAL STANDARD BOOK NUMBER
International Standard Book Number 9788125035282
Terms of availability 795.00
035 ## - SYSTEM CONTROL NUMBER
System control number B-446540-546
037 ## - SOURCE OF ACQUISITION
Source of stock number/acquisition BPPD/PUB
082 ## - DEWEY DECIMAL CLASSIFICATION NUMBER
Classification number 615.53809
100 ## - MAIN ENTRY--PERSONAL NAME
Personal name Banerjee, Madhulika
245 ## - TITLE STATEMENT
Title Power,knowledge,Medicine :
Remainder of title by Madhulika Banerjee
Statement of responsibility, etc ayurvedic pharmaceuticals /
260 ## - PUBLICATION, DISTRIBUTION, ETC. (IMPRINT)
Place of publication, distribution, etc New Delhi
Name of publisher, distributor, etc Orient Blackswan
Date of publication, distribution, etc 2009
270 ## - ADDRESS
Address 1/24, Asaf Ali Road
City New Delhi
Postal code 110002
Electronic mail address delhi@orientblackswan.com
300 ## - PHYSICAL DESCRIPTION
Extent xviii330p.
Other physical details Includes bibliographical refrences
Dimensions 22cm.(Hb)
942 ## - ADDED ENTRY ELEMENTS (KOHA)
Source of classification or shelving scheme Dewey Decimal Classification
Item type English Books
Call number suffix BAN
Holdings
Withdrawn status Lost status Not for loan Collection code Home library Current library Date acquired Source of acquisition Cost, normal purchase price Full call number Barcode Copy number Cost, replacement price Koha item type
      Non-fiction Central Library Central Library 01/03/2012 Blueberry Books/7045/29.9.11/06/15.9.11/09.11.11 795.00 615.53809BAN B-446540 1 795.00 English Books
      Non-fiction Janak Puri Janak Puri 01/03/2012 Blueberry Books/7045/29.9.11/06/15.9.11/09.11.11 795.00 615.53809BAN B-446542 1 795.00 English Books
      Non-fiction Karol Bagh Karol Bagh 01/03/2012 Blueberry Books/7045/29.9.11/06/15.9.11/09.11.11 795.00 615.53809BAN B-446545 1 795.00 English Books
      Non-fiction Patel Nagar Patel Nagar 01/03/2012 Blueberry Books/7045/29.9.11/06/15.9.11/09.11.11 795.00 615.53809BAN B-446541 1 795.00 English Books
      Non-fiction Sarojini Nagar Sarojini Nagar 01/03/2012 Blueberry Books/7045/29.9.11/06/15.9.11/09.11.11 795.00 615.53809BAN B-446543 1 795.00 English Books
      Non-fiction Shahdara Branch Shahdara Branch 01/03/2012 Blueberry Books/7045/29.9.11/06/15.9.11/09.11.11 795.00 615.53809BAN B-446546 1 795.00 English Books
      Non-fiction Vinoba Puri Vinoba Puri 01/03/2012 Blueberry Books/7045/29.9.11/06/15.9.11/09.11.11 795.00 615.53809BAN B-446544 1 795.00 English Books

© Delhi Public Library
Hit Counter
free hit counter